000 00647nab a2200205 a 4500
001 113580
003 200936
005 20201118120523.0
008 ||||||n9999 ||| || ||
100 _aStodghill, Ron
245 0 _aWhere everyone`s a minority
300 _a42705
500 _aDonde todos son minoria. La ciudad de Sacramento en los estados Unidos, es una de las ciudades mas integradas del mundo, como es vivir en esa ciudad y porque aun existen brotes de racismo.
562 _e0
650 _aINTEGRACION
650 _aRACISMO
773 _085087
_aTime - Vol.160 No.10
942 _cSART
999 _c113580
_d113580